000 01110nam a2200325 a 4500
001 vtls000196621
003 NLI
005 20210602113033.0
008 101125s1962 enk 000 d eng
020 _cPND 0.60
039 9 _y201011252325
_zVLOAD
040 0 _aNLI
_beng
_cVERGIS-2010
_eAACR2
041 1 _aeng
_hger
044 _aenk
082 0 4 _a832.91
245 0 4 _aThe fire Raisers :
_ba morality without a moral with an afterpiece a play :
_btranslated [from the German] by Max Frich
260 _aLondon :
_bMethuen,
_c1962
300 _a87 p. ;
_c20 cm.
500 _aLibrary has 2 cops.
650 0 _aGerman drama
_xTranslations into English
_9372720
700 1 _aFrisch, Max,
_d1911-1991,
_4trl
_9373162
887 _a
901 _a356126
_b04.10.1963
_9c.1
901 _aG29343
_b28.05.1979
_9c.2
902 _aE 832.91 F 917 f
942 _2ddc
_cBKS
949 _AVIRTUAITEM
_D10000
_X100
_6PUR000356126ENG
949 _AVIRTUAITEM
_D10000
_X100
_6GXX000029343ENG
999 _aVIRTUA40
_c200091
_d200091
999 _aVTLSSORT0080*0200*0400*0410*0440*0820*2450*2600*3000*5000*6500*7000*9010*9011*9020*9490*9491*9991